Geophysical exploration for engineering and environmental investigations.

Bibliographic Details
Corporate Authors: United States. Army. Corps of Engineers, American Society of Civil Engineers
Format: Book
Language:English
Published: Reston, VA : ASCE Press, [1998]
Series:Technical engineering and design guides as adapted from the U.S. Army Corps of Engineers ; no. 23.
Subjects:

MARC

Tag First Indicator Second Indicator Subfields
LEADER 00000cam a2200000 a 4500
001 in00001402818
005 20151020053042.0
008 970904s1998 vauab b 001 0 eng
010 |a  97040449  
020 |a 0784402981 
035 |a (OCoLC)37594281 
035 |9 AHM6844AM 
040 |a DLC  |c DLC  |d TXA  |d UtOrBLW 
049 |a TXAM 
050 0 0 |a TA705  |b .G425 1998 
082 0 0 |a 624.1/51  |2 21 
245 0 0 |a Geophysical exploration for engineering and environmental investigations. 
264 1 |a Reston, VA :  |b ASCE Press,  |c [1998] 
264 4 |c ©1998 
300 |a vi, 204 pages :  |b illustrations, maps ;  |c 28 cm. 
336 |a text  |b txt  |2 rdacontent 
337 |a unmediated  |b n  |2 rdamedia 
338 |a volume  |b nc  |2 rdacarrier 
490 1 |a Technical engineering and design guides as adapted from the U.S. Army Corps of Engineers ;  |v no. 23 
504 |a Includes bibliographical references (pages 184-192) and index. 
650 0 |a Engineering geology. 
650 0 |a Prospecting  |x Geophysical methods. 
650 0 |a Soil surveys  |x Geophysical methods. 
710 1 |a United States.  |b Army.  |b Corps of Engineers. 
710 2 |a American Society of Civil Engineers. 
830 0 |a Technical engineering and design guides as adapted from the U.S. Army Corps of Engineers ;  |v no. 23. 
999 |a MARS 
999 f f |s bbeb891a-a277-36e6-9f23-af763d2e02eb  |i 2efc74d4-0df3-390f-bd5d-e288f4765b13  |t 0 
952 f f |p ric  |a Texas A&M University  |b Rellis Campus  |c Joint Library Facility  |d Remote Storage  |t 0  |e TA705 .G425 1998  |h Library of Congress classification  |i unmediated -- volume  |m A14821548874 
998 f f |a TA705 .G425 1998  |t 0  |l Remote Storage